| 000 | 00573nam a2200193 a 4500 | ||
|---|---|---|---|
| 001 | 14604 | ||
| 003 | CO-ViMGA | ||
| 008 | 141112s2004 ck r 000 u spa d | ||
| 020 | _a01210254 | ||
| 040 |
_aCO-ViMGA _bspa _cCO-ViMGA |
||
| 082 | 0 | 4 | _a633.8952 C654i |
| 100 | 1 |
_aConif, _921330 |
|
| 245 | 1 | 0 | _aInvestigación bibliografica sobre caucho natural. |
| 260 | _aSta Fe de Bogotá. Conif.1997 | ||
| 300 | _a93.p. | ||
| 505 | _aReferencias por autor.Indice de materias.Indice geografico.Indice de especies. | ||
| 650 | 1 | 4 |
_aCAUCHO - BIBLIOGRAFIA _921331 |
| 942 |
_2ddc _cBK |
||
| 999 |
_c25174 _d25174 |
||